LEADER 02403oam 2200481 450 001 9910794236703321 005 20230629235430.0 010 $a90-04-44626-5 035 $a(CKB)4100000011666063 035 $a(MiAaPQ)EBC6426815 035 $a(EXLCZ)994100000011666063 100 $a20210603d2021 uy 0 101 0 $aeng 135 $aurcnu|||||||| 181 $ctxt$2rdacontent 182 $cc$2rdamedia 183 $acr$2rdacarrier 200 00$aEarly modern sovereignties $etheory and practice of a burgeoning concept in the Netherlands /$fedited by Erik De Bom, Randall Lesaffer, and Werner Thomas 210 1$aLeiden ;$aBoston :$cBrill Nijhoff,$d[2021] 210 4$d©2021 215 $a1 online resource (x, 310 pages) 225 1 $aLegal history library ;$vVolume 47 311 $a90-04-44604-4 320 $aIncludes bibliographical references and index. 330 8 $aThe essays in this volume explore the theories and practices of sovereignty in the context of state-building in the early modern Northern and Southern Low Countries. The Dutch Revolt, the secession of the northern provinces from the Spanish empire, the formation of the Dutch Republic and the reconstitution of Habsburg authority in the south, fostered tense debates among scholars and political leaders about the legitimacy, organisation and processes of law and governance. This made the Low Countries a prime battlefield for theoretical and political contestations about the nature of public authority and the relations between different layers of government in early-modern Europe. The book approaches this historical debate from three angles: (1) political theoretical, (2) legal, and (3) politico-historical. 410 0$aLegal history library ;$vVolume 47. 606 $aNation-building$zNetherlands$xHistory 607 $aNetherlands$xPolitics and government$y1556-1648 607 $aNetherlands$xForeign relations$y1556-1648 607 $aNetherlands$xHistory$yEighty Years' War, 1568-1648 607 $aNetherlands$xKings and rulers 615 0$aNation-building$xHistory. 676 $a949.203 702 $aDe Bom$b Erik 702 $aLesaffer$b Randall 702 $aThomas$b Werner 801 0$bMiAaPQ 801 1$bMiAaPQ 801 2$bUtOrBLW 906 $aBOOK 912 $a9910794236703321 996 $aEarly modern sovereignties$93819748 997 $aUNINA LEADER 03212nam2 22004693i 450 001 VAN00261766 005 20250116101353.825 012 $2fei$aluer s.a. i-u, haad (3) 1576 (R)$5VAN 100 $a20230720d1576 |0itac50 ba 101 $alat$aGRC 102 $aIT 140 $a||||||||| ||||||||| 181 $ai$b e 182 $an 183 $anc 200 1 $aˆ[10]: Galeno ‰Ascripti libri qui variam artis medicæ farraginem ex varijs auctoribus excerptam continentes, optimo, quo fieri potuit, ordinem sunt dispositi, & in vnum corpus redacti. .. 210 $aVenetiis$capud Iuntas$d1576$eVenetiis$capud Iuntas) 215 $a75, A-B, 76-117, [1] carte$d2° 300 $aSegnatura: 2A-2I? 2K¹? 2L-2O? P?. Bianca l'ultima carta 316 $aLegato con i vol. 1, 9, 11 e 12.$5IT-VAN18 ANAT1.500.2/10 461 1$1001VAN00261619$12001 $aˆGaleni ‰Omnia quae extant opera in Latinum sermonem conuersa. Pro quibus illustrandis quid actum sit, tum ex præfatione, tum ex librorum indice deprehendes ..$1205 $aQuinta editio$1210 $aVenetijs$capud Iuntas$d1576$1215 $a12 volumi$d2º$1300 $aRiferimenti: P. Camerini, Annali dei Giunti, v. 2, p. 70-72, n. 788$1300 $aIl frontespizio generale è seguito da [24] carte contenenti varie dediche, la vita di Galeno e l'indice generale delle opere; ed. a cura di Mercuriale Girolamo, il cui nome compare nel verso del frontespizio$1300 $aCorsivo, greco, romano; iniziali e fregi xilografici ornati, alcune iniziali istoriate; frontespizi entro cornice xilografica istoriata$v10 620 $dVenezia$3VANL000080 700 1$aGalenus$bClaudius$3VANV060011$0198761 702 1$aMercuriale$bGirolamo$3VANV127588 712 02$aGiunta, Lucantonio$f2.$3VANV059455 790 0$aGaleno$zGalenus, Claudius$3VANV021334 790 0$aGalien de Pergame$zGalenus, Claudius$3VANV060025 790 0$aGalenus$zGalenus, Claudius$3VANV060026 790 1$aMercuriali, Geronimo$zMercuriale, Girolamo$3VANV127589 790 1$aMercuriali, Girolamo$zMercuriale, Girolamo$3VANV127590 790 1$aMercurialis, Hieronymus$zMercuriale, Girolamo$3VANV127591 791 02$aGiunta, Lucantonio $zGiunta, Lucantonio <2.>$3VANV064570 791 02$aGiunta, Lucantonio <1542-1602>$zGiunta, Lucantonio <2.>$3VANV064571 801 $aIT$bSOL$c20260206$gRICA 856 4 $uhttps://www.vdl.unicampania.it/handle/20.500.14011/177$zVanvitelli Digital Library 899 $aUFFICIO BIBLIOTECA AREA MUSEALE$2VAN18 912 $aVAN00261766 921 $aVAN00000090$bIn cornice figurata: giglio fiorentino. A lato, iniziali L A$cZ639$dSul frontespizio.$fLA$fGILGIO 921 $aVAN00000091$bGiglio fiorentino e iniziali L. A. sorretta da cinque putti alati. In cornice rettangolare.$cU276$dIn fine.$fGIGLIO$fLA$fPUTTI 950 $aUFFICIO BIBLIOTECA AREA MUSEALE$d18ANAT 1. 500.2 $e18MUS413 10 20230720 Legato con i vol. 1, 9, 11 e 12.$sBuono 996 $aAscripti libri qui variam artis medicæ farraginem ex varijs auctoribus excerptam continentes, optimo, quo fieri potuit, ordinem sunt dispositi, & in vnum corpus redacti. .$93403205 997 $aUNICAMPANIA